000 00338nam a2200145Ia 4500
008 240624s9999 xx 000 0 und d
041 _aeng
082 _a200 DEB
100 _aDEBROY BIBEK
245 _aMAHABHARATA
260 _c2015
_aNew Delhi
_bPenguin
300 _axxxviii, : 495 : p. : cm. ; 21
365 _cRS
_b30
440 _v1
999 _c26872
_d26872